header

Making sex work (Record no. 21804)

MARC details
000 -LEADER
fixed length control field 01437nam a2200349 a 4500
082 04 - DEWEY DECIMAL CLASSIFICATION NUMBER
Classification number 338.4/730674
100 1# - MAIN ENTRY--AUTHOR NAME
Personal name Sullivan, Mary Lucille,
245 10 - TITLE STATEMENT
Title Making sex work
260 ## - PUBLICATION, DISTRIBUTION, ETC. (IMPRINT)
Place of publication North Melbourne, Vic., Australia :
Name of publisher Spinifex,
Year of publication 2007.
300 ## - PHYSICAL DESCRIPTION
Number of Pages viii, 413 p.
650 #0 - SUBJECT ADDED ENTRY--TOPICAL TERM
Topical Term Prostitution
Topical Term Prostitution
Topical Term Prostitution
Topical Term Prostitutes
856 40 - ELECTRONIC LOCATION AND ACCESS
Uniform Resource Identifier http://site.ebrary.com/lib/rucke/Doc?id=10273693

No items available.

© 2026 Rongo University
Contact us: librarian | system librarian | Rongo university